[Event "San Francisco TNM Fall op"]
[Site "San Francisco"]
[Date "2013.12.17"]
[Round "9"]
[White "Casares, Nick Jr"]
[Black "Chernobilskiy, Mikhail"]
[Result "1-0"]
[WhiteElo "1600"]
[BlackElo "1883"]
[PlyCount "47"]
[EventDate "2013.10.22"]
[EventType "swiss"]
[EventRounds "9"]
[EventCountry "USA"]
[SourceTitle "EXT 2016"]
[Source "ChessBase"]
[SourceDate "2015.10.08"]
[SourceVersion "1"]
[SourceVersionDate "2015.10.08"]
[SourceQuality "1"]

1. e4 a6 2. d4 b5 3. Nf3 Bb7 4. Bd3 Nf6 5. Qe2 e6 6. a3 c5 7. c3 d6 8. Bg5 Be7 9. Nbd2 Nbd7 10. 0-0 e5 11. d5 h6 12. Bh4 g5 13. Bg3 Nb6 14. b3 h5 15. h4 g4 16. Ng5 Nfxd5 17. exd5 Bxg5 18. hxg5 h4 19. Bxe5 0-0 20. Qxg4 dxe5 21. Qf5 Re8 22. Qh7+ Kf8 23. Qh8+ Ke7 24. Qxe5+ 1-0

[Event "San Francisco TNM Fall op"]
[Site "San Francisco"]
[Date "2013.11.05"]
[Round "3"]
[White "Shaughnessy, Elizabeth"]
[Black "Chernobilskiy, Mikhail"]
[Result "0-1"]
[WhiteElo "1510"]
[BlackElo "1883"]
[PlyCount "72"]
[EventDate "2013.10.22"]
[EventType "swiss"]
[EventRounds "9"]
[EventCountry "USA"]
[SourceTitle "EXT 2016"]
[Source "ChessBase"]
[SourceDate "2015.10.08"]
[SourceVersion "1"]
[SourceVersionDate "2015.10.08"]
[SourceQuality "1"]

1. e4 e5 2. d4 exd4 3. Qxd4 Nc6 4. Qe3 d6 5. Nc3 Be6 6. Bb5 Nf6 7. Nge2 Be7 8. Bd2 0-0 9. h3 a6 10. Bxc6 bxc6 11. Nf4 Bc8 12. 0-0-0 Re8 13. Qg3 Rb8 14. f3 Kh8 15. h4 d5 16. exd5 cxd5 17. Ncxd5 Bd6 18. Nc3 Bf5 19. Qh2 h5 20. g3 c6 21. Rhe1 Rxe1 22. Bxe1 Qc7 23. a3 Be5 24. Nfe2 Qb7 25. b4 a5 26. Na4 Qb5 27. Nec3 Qa6 28. Qe2 Qxe2 29. Nxe2 axb4 30. axb4 Nd5 31. c3 Ne3 32. Rd2 Nc4 33. Rd1 Ra8 34. Nd4 Bg6 35. Nc2 Bxc2 36. Kxc2 Ne3+ 0-1

[Event "San Francisco Neil Falconer op"]
[Site "San Francisco"]
[Date "2013.10.01"]
[Round "9"]
[White "Chernobilskiy, Mikhail"]
[Black "Hakobyan, Sos"]
[Result "1/2-1/2"]
[WhiteElo "1883"]
[BlackElo "1844"]
[PlyCount "110"]
[EventDate "2013.08.06"]
[EventType "swiss"]
[EventRounds "9"]
[EventCountry "USA"]
[SourceTitle "EXT 2016"]
[Source "ChessBase"]
[SourceDate "2015.10.08"]
[SourceVersion "1"]
[SourceVersionDate "2015.10.08"]
[SourceQuality "1"]

1. e4 e6 2. d4 d5 3. e5 c5 4. Nf3 Nc6 5. dxc5 Bxc5 6. Bd3 Qc7 7. Bf4 Qb6 8. 0-0 Qxb2 9. Nbd2 Qb6 10. c4 d4 11. Ng5 g6 12. Qf3 Qc7 13. Rfe1 b6 14. Nde4 Bb7 15. Nd6+ Bxd6 16. exd6 Qd7 17. Ne4 0-0-0 18. c5 f5 19. Ng5 e5 20. Bc4 Nb4 21. Qb3 Qc6 22. Be6+ Kb8 23. f3 exf4 24. Nf7 Nf6 25. Nxh8 Rxh8 26. Qxb4 Qxc5 27. Qxc5 bxc5 28. Rac1 Rd8 29. Rxc5 Rxd6 30. Kf2 a6 31. Bc4 Nd7 32. Ra5 Ka7 33. Re7 Kb6 34. Ra3 Kc5 35. Bd3 h5 36. h4 Kb6 37. Ke1 Nc5 38. Bc4 a5 39. Re2 a4 40. Rb2+ Kc7 41. Rb5 Kc6 42. Rb2 Rd8 43. Bb5+ Kd5 44. Bxa4 Ba6 45. Bb3+ Kd6 46. Rd2 d3 47. Rxa6+ Nxa6 48. Rxd3+ Ke7 49. Rxd8 Kxd8 50. Bf7 Nb4 51. Bxg6 Nxa2 52. Bxf5 Nc3 53. Bg6 Nd5 54. Bxh5 Ne3 55. Kf2 Nf5 1/2-1/2

[Event "San Francisco Neil Falconer op"]
[Site "San Francisco"]
[Date "2013.09.24"]
[Round "8"]
[White "Handigol, Abhishek"]
[Black "Chernobilskiy, Mikhail"]
[Result "1-0"]
[WhiteElo "2008"]
[BlackElo "1883"]
[PlyCount "43"]
[EventDate "2013.08.06"]
[EventType "swiss"]
[EventRounds "9"]
[EventCountry "USA"]
[SourceTitle "EXT 2016"]
[Source "ChessBase"]
[SourceDate "2015.10.08"]
[SourceVersion "1"]
[SourceVersionDate "2015.10.08"]
[SourceQuality "1"]

1. e4 e5 2. d4 exd4 3. c3 dxc3 4. Bc4 cxb2 5. Bxb2 Bb4+ 6. Nc3 Qe7 7. Nge2 Nf6 8. 0-0 0-0 9. Qb3 Nc6 10. Nd5 Nxd5 11. Bxd5 Bd6 12. f4 Bc5+ 13. Kh1 Kh8 14. Qg3 f6 15. e5 f5 16. Rac1 Nb4 17. Bb3 d5 18. a3 Nc6 19. Nc3 Nd4 20. Nxd5 Qf7 21. Rxc5 Nxb3 22. Rxc7 1-0

[Event "San Francisco Neil Falconer op"]
[Site "San Francisco"]
[Date "2013.08.13"]
[Round "2"]
[White "Winslow, Elliott C"]
[Black "Chernobilskiy, Mikhail"]
[Result "1-0"]
[WhiteElo "2298"]
[BlackElo "1883"]
[PlyCount "81"]
[EventDate "2013.08.06"]
[EventType "swiss"]
[EventRounds "9"]
[EventCountry "USA"]
[SourceTitle "EXT 2016"]
[Source "ChessBase"]
[SourceDate "2015.10.08"]
[SourceVersion "1"]
[SourceVersionDate "2015.10.08"]
[SourceQuality "1"]

1. e4 d5 2. exd5 Qxd5 3. Nc3 Qd6 4. d4 Nf6 5. Nge2 c6 6. Bf4 Qd8 7. h3 h5 8. g3 Bf5 9. Bg2 e6 10. 0-0 Bd6 11. Qd2 0-0 12. Bg5 Nbd7 13. Rfd1 Qa5 14. a3 Bxc2 15. Bxf6 Bxd1 16. Bxg7 Kxg7 17. Rxd1 Nf6 18. d5 Nh7 19. dxc6 Rad8 20. Qc2 bxc6 21. Bxc6 Qc5 22. Bg2 h4 23. b4 Qe5 24. Ne4 hxg3 25. f4 Qf5 26. Rxd6 Rxd6 27. Qb2+ Kh6 28. Nxd6 Qd3 29. Ne4 Qd1+ 30. Bf1 g2 31. Kxg2 Rg8+ 32. Kf2 Qd8 33. Qe5 Rg6 34. N2g3 f5 35. Nd6 Qb6+ 36. Kg2 Qc6+ 37. Kh2 Nf6 38. Bg2 Qc1 39. Nf7+ Kg7 40. Ng5 Qxa3 41. Nh5+ 1-0

[Event "San Francisco TNM Spring op"]
[Site "San Francisco"]
[Date "2013.04.10"]
[Round "4"]
[White "Chernobilskiy, Mikhail"]
[Black "Frank, Robert"]
[Result "1-0"]
[WhiteElo "1864"]
[BlackElo "1264"]
[PlyCount "41"]
[EventDate "2013.03.19"]
[EventType "swiss"]
[EventRounds "8"]
[EventCountry "USA"]
[SourceTitle "EXT 2016"]
[Source "ChessBase"]
[SourceDate "2015.10.08"]
[SourceVersion "1"]
[SourceVersionDate "2015.10.08"]
[SourceQuality "1"]

1. d4 Nf6 2. c4 e6 3. Nc3 Bb4 4. f3 d5 5. e3 0-0 6. Bd3 c5 7. Nge2 Nc6 8. 0-0 cxd4 9. exd4 dxc4 10. Bxc4 Qb6 11. Kh1 Rd8 12. Na4 Qa5 13. a3 Be7 14. b4 Nxb4 15. axb4 Qxb4 16. Ba3 Qxc4 17. Bxe7 Rd7 18. Bxf6 gxf6 19. Nb6 axb6 20. Rxa8 Kg7 21. Qd2 1-0

[Event "San Francisco TNM Fall op"]
[Site "San Francisco"]
[Date "2012.12.04"]
[Round "8"]
[White "Traub, Igor Vladimirovich"]
[Black "Chernobilskiy, Mikhail"]
[Result "1-0"]
[WhiteElo "2118"]
[BlackElo "1871"]
[PlyCount "29"]
[EventDate "2012.10.16"]
[EventType "swiss"]
[EventRounds "9"]
[EventCountry "USA"]
[SourceTitle "EXT 2014"]
[Source "ChessBase"]
[SourceDate "2013.11.20"]
[SourceVersion "1"]
[SourceVersionDate "2013.11.20"]
[SourceQuality "1"]

1. f4 d5 2. Nf3 Nf6 3. g3 c5 4. Bg2 Nc6 5. 0-0 e6 6. d3 Bd6 7. Nbd2 Ng4 8. Nb3 c4 9. dxc4 Qb6+ 10. Nbd4 Bc5 11. c3 e5 12. fxe5 Ngxe5 13. Nxe5 Bxd4+ 14. cxd4 Nxd4 15. Be3 1-0

[Event "San Francisco TNM Fall op"]
[Site "San Francisco"]
[Date "2012.11.27"]
[Round "7"]
[White "Chernobilskiy, Mikhail"]
[Black "Matchen, George"]
[Result "1-0"]
[WhiteElo "1871"]
[BlackElo "1584"]
[PlyCount "59"]
[EventDate "2012.10.16"]
[EventType "swiss"]
[EventRounds "9"]
[EventCountry "USA"]
[SourceTitle "EXT 2014"]
[Source "ChessBase"]
[SourceDate "2013.11.20"]
[SourceVersion "1"]
[SourceVersionDate "2013.11.20"]
[SourceQuality "1"]

1. e4 e5 2. Nf3 Nf6 3. d4 exd4 4. e5 Ne4 5. Qxd4 d5 6. exd6 Nxd6 7. Bg5 Qd7 8. Nc3 Nc6 9. Qe3+ Qe6 10. 0-0-0 Qxe3+ 11. Bxe3 Bd7 12. h4 0-0-0 13. h5 h6 14. Be2 Nf5 15. Bf4 Bd6 16. Bxd6 Nxd6 17. Nd4 Rhe8 18. Rhe1 Nxd4 19. Rxd4 Nb5 20. Nxb5 Bxb5 21. Bg4+ Kb8 22. Rxd8+ Rxd8 23. Re7 Rf8 24. g3 Bc6 25. c4 f5 26. Bd1 Rg8 27. Bc2 Bf3 28. Bxf5 Bxh5 29. g4 g6 30. Be6 1-0

[Event "San Francisco TNM Fall op"]
[Site "San Francisco"]
[Date "2012.11.20"]
[Round "6"]
[White "Campers, William"]
[Black "Chernobilskiy, Mikhail"]
[Result "0-1"]
[WhiteElo "1607"]
[BlackElo "1871"]
[PlyCount "102"]
[EventDate "2012.10.16"]
[EventType "swiss"]
[EventRounds "9"]
[EventCountry "USA"]
[SourceTitle "EXT 2014"]
[Source "ChessBase"]
[SourceDate "2013.11.20"]
[SourceVersion "1"]
[SourceVersionDate "2013.11.20"]
[SourceQuality "1"]

1. e4 e5 2. Nf3 Nc6 3. Bb5 a6 4. Ba4 Nf6 5. d3 d6 6. c3 Be7 7. 0-0 0-0 8. h3 b5 9. Bc2 Bb7 10. Qe2 Re8 11. Rd1 Bf8 12. Bg5 h6 13. Bh4 Qe7 14. Nbd2 Nb8 15. Nf1 Nbd7 16. Ne3 g6 17. b4 Bg7 18. Bb3 Qf8 19. Nh2 c5 20. Rac1 Rac8 21. Nhf1 g5 22. Bg3 c4 23. dxc4 Nxe4 24. Nd5 Bxd5 25. Rxd5 Nxg3 26. fxg3 Nb6 27. Rdd1 Nxc4 28. Ne3 Rc6 29. Nxc4 bxc4 30. Bxc4 e4 31. Bxa6 Rxc3 32. Rxc3 Bxc3 33. b5 Qe7 34. Kh2 Qe5 35. b6 d5 36. b7 Ba5 37. Rf1 Bc7 38. Qf2 Re7 39. Be2 d4 40. Bh5 d3 41. Bxf7+ Kg7 42. Bb3 Re8 43. Qe3 Rf8 44. Rxf8 Kxf8 45. Qf2+ Ke7 46. Qf7+ Kd6 47. Qf8+ Kc6 48. Ba4+ Kxb7 49. Qb4+ Ka7 50. Qe1 e3 51. Bd1 d2 0-1

[Event "San Francisco TNM Fall op"]
[Site "San Francisco"]
[Date "2012.11.13"]
[Round "5"]
[White "Chernobilskiy, Mikhail"]
[Black "Solomonik, Edgar"]
[Result "0-1"]
[WhiteElo "1871"]
[BlackElo "1651"]
[PlyCount "50"]
[EventDate "2012.10.16"]
[EventType "swiss"]
[EventRounds "9"]
[EventCountry "USA"]
[SourceTitle "EXT 2014"]
[Source "ChessBase"]
[SourceDate "2013.11.20"]
[SourceVersion "1"]
[SourceVersionDate "2013.11.20"]
[SourceQuality "1"]

1. e4 c5 2. Nf3 d6 3. d4 cxd4 4. Qxd4 Nc6 5. Bb5 Qc7 6. c4 Nf6 7. 0-0 e6 8. Nc3 Bd7 9. Qd3 Be7 10. Rd1 a6 11. Ba4 0-0 12. b3 Nb4 13. Qe2 b5 14. cxb5 Qxc3 15. Ba3 Qc2 16. Rd2 Qxe4 17. Qxe4 Nxe4 18. Re2 d5 19. Ne5 Bxb5 20. Bxb5 axb5 21. Bb2 Rfc8 22. f3 Nc5 23. Bd4 Ncd3 24. Nd7 Rc1+ 25. Rxc1 Nxc1 0-1

[Event "San Francisco TNM Fall op"]
[Site "San Francisco"]
[Date "2012.11.06"]
[Round "4"]
[White "Byambaa, Uyanga"]
[Black "Chernobilskiy, Mikhail"]
[Result "1-0"]
[WhiteElo "2093"]
[BlackElo "1871"]
[PlyCount "65"]
[EventDate "2012.10.16"]
[EventType "swiss"]
[EventRounds "9"]
[EventCountry "USA"]
[SourceTitle "EXT 2014"]
[Source "ChessBase"]
[SourceDate "2013.11.20"]
[SourceVersion "1"]
[SourceVersionDate "2013.11.20"]
[SourceQuality "1"]

1. e4 c5 2. Nf3 d6 3. d4 cxd4 4. Nxd4 Nf6 5. Nc3 g6 6. Be3 Bg7 7. f3 0-0 8. Qd2 Nc6 9. g4 Nxd4 10. Bxd4 Be6 11. 0-0-0 Qa5 12. Kb1 Rfc8 13. b3 Rc7 14. Nb5 Qxd2 15. Rxd2 Rd7 16. Bxa7 Bxg4 17. fxg4 Nxe4 18. Rg2 Rdd8 19. a4 Nc3+ 20. Nxc3 Bxc3 21. Bb6 Rdc8 22. Bb5 d5 23. h4 e5 24. h5 g5 25. Re2 h6 26. Rd1 d4 27. Rf1 f6 28. Rxf6 Rf8 29. Ref2 Rxf6 30. Rxf6 Kg7 31. Rg6+ Kh7 32. Bd3 e4 33. Bxe4 1-0

[Event "San Francisco TNM Marathon op"]
[Site "San Francisco"]
[Date "2012.09.25"]
[Round "9"]
[White "Morton, Adam B"]
[Black "Chernobilskiy, Mikhail"]
[Result "1-0"]
[WhiteElo "1891"]
[BlackElo "1855"]
[PlyCount "49"]
[EventDate "2012.07.31"]
[EventType "swiss"]
[EventRounds "9"]
[EventCountry "USA"]
[SourceTitle "EXT 2014"]
[Source "ChessBase"]
[SourceDate "2013.11.20"]
[SourceVersion "1"]
[SourceVersionDate "2013.11.20"]
[SourceQuality "1"]

1. d4 f5 2. Nc3 Nf6 3. Bg5 Ne4 4. Nxe4 fxe4 5. e3 d5 6. h4 Qd6 7. c3 e5 8. dxe5 Qe6 9. g3 Qg8 10. Ne2 Nd7 11. e6 Ne5 12. Qa4+ c6 13. 0-0-0 Nd3+ 14. Rxd3 exd3 15. Nd4 d2+ 16. Kxd2 Bxe6 17. Nxc6 Bd7 18. Bb5 Qf7 19. Ne5 Qxf2+ 20. Kc1 Bc5 21. Bxd7+ Kf8 22. Qf4+ Qxf4 23. Bxf4 Bd6 24. Rf1 Ke7 25. Bg5# 1-0

[Event "San Francisco TNM Marathon op"]
[Site "San Francisco"]
[Date "2012.09.11"]
[Round "7"]
[White "Olson, David L"]
[Black "Chernobilskiy, Mikhail"]
[Result "0-1"]
[WhiteElo "1400"]
[BlackElo "1855"]
[PlyCount "52"]
[EventDate "2012.07.31"]
[EventType "swiss"]
[EventRounds "9"]
[EventCountry "USA"]
[SourceTitle "EXT 2014"]
[Source "ChessBase"]
[SourceDate "2013.11.20"]
[SourceVersion "1"]
[SourceVersionDate "2013.11.20"]
[SourceQuality "1"]

1. e4 a6 2. Bc4 e6 3. Nc3 b5 4. Bb3 c5 5. a3 Bb7 6. d3 Nf6 7. Bg5 Be7 8. Nf3 0-0 9. Qd2 Nc6 10. Ne2 d5 11. e5 Nd7 12. Bf4 Rc8 13. c4 Na5 14. Ba2 dxc4 15. Rd1 cxd3 16. Qxd3 Nb6 17. Qc2 Qc7 18. Bb1 g6 19. h4 Bxf3 20. gxf3 Rfd8 21. Ng3 Rxd1+ 22. Qxd1 Nd5 23. Qc1 Nb3 24. Qc2 Nd4 25. Qe4 Nxf4 26. Qxf4 Qxe5+ 0-1

[Event "San Francisco TNM Marathon op"]
[Site "San Francisco"]
[Date "2012.08.14"]
[Round "3"]
[White "Flores Gomez, David"]
[Black "Chernobilskiy, Mikhail"]
[Result "0-1"]
[WhiteElo "1605"]
[BlackElo "1855"]
[PlyCount "72"]
[EventDate "2012.07.31"]
[EventType "swiss"]
[EventRounds "9"]
[EventCountry "USA"]
[SourceTitle "EXT 2014"]
[Source "ChessBase"]
[SourceDate "2013.11.20"]
[SourceVersion "1"]
[SourceVersionDate "2013.11.20"]
[SourceQuality "1"]

1. e4 c5 2. d4 e6 3. Nf3 cxd4 4. Bc4 Qc7 5. Qxd4 Nf6 6. Bd3 Bc5 7. Qe5 d6 8. Qg5 0-0 9. Nc3 Nc6 10. Qg3 Ne8 11. e5 f5 12. Bf4 dxe5 13. Nxe5 Bd6 14. Nxc6 Bxf4 15. Ne7+ Kf7 16. Qh4 Nf6 17. Nxc8 g5 18. Qh3 g4 19. Qh4 Rg8 20. f3 Qe5+ 21. Kd1 Raxc8 22. Qe1 Qd4 23. g3 Be3 24. Rf1 Rgd8 25. Qe2 gxf3 26. Rxf3 Ng4 27. Rb1 Bh6 28. Ke1 Rc5 29. h3 Ne3 30. Rxe3 Bxe3 31. Kf1 Re5 32. Qf3 Rd7 33. Ne2 Qa4 34. a3 Kg7 35. Nf4 Qa5 36. Rd1 Qb6 0-1

[Event "San Francisco TNM Fall op"]
[Site "San Francisco"]
[Date "2010.11.30"]
[Round "7"]
[White "Todortsev, Victor"]
[Black "Chernobilskiy, Mikhail"]
[Result "1-0"]
[WhiteElo "1922"]
[BlackElo "1842"]
[PlyCount "65"]
[EventDate "2010.10.20"]
[EventType "swiss"]
[EventRounds "9"]
[EventCountry "USA"]
[SourceTitle "EXT 2012"]
[Source "ChessBase"]
[SourceDate "2011.11.24"]
[SourceVersion "1"]
[SourceVersionDate "2011.11.24"]
[SourceQuality "1"]

1. d4 d5 2. c4 c6 3. e3 Nf6 4. Nc3 e6 5. Nf3 Nbd7 6. Bd3 Be7 7. 0-0 0-0 8. b3 a6 9. Bb2 b5 10. cxb5 cxb5 11. Rc1 Bb7 12. Qc2 Rc8 13. Qb1 Re8 14. Ne5 Bd6 15. f4 g6 16. Rf3 Nb6 17. Rg3 b4 18. Bxg6 fxg6 19. Rxg6+ Kf8 20. Rh6 bxc3 21. Rxh7 Ne4 22. Bxc3 Rc7 23. Rxc7 Bxc7 24. Bb4+ Bd6 25. Ba5 Bc7 26. Qc2 Na8 27. Bxc7 Nxc7 28. Qxc7 Qxc7 29. Rxc7 Bc8 30. g4 Nd6 31. h4 Nb5 32. Ng6+ Kg8 33. Rxc8 1-0

[Event "San Francisco TNM Fall op"]
[Site "San Francisco"]
[Date "2010.11.16"]
[Round "5"]
[White "Chernobilskiy, Mikhail"]
[Black "Fuentes, Romulo C"]
[Result "0-1"]
[WhiteElo "1842"]
[BlackElo "2235"]
[PlyCount "56"]
[EventDate "2010.10.20"]
[EventType "swiss"]
[EventRounds "9"]
[EventCountry "USA"]
[SourceTitle "EXT 2012"]
[Source "ChessBase"]
[SourceDate "2011.11.24"]
[SourceVersion "1"]
[SourceVersionDate "2011.11.24"]
[SourceQuality "1"]

1. e4 c5 2. Nf3 e6 3. d4 cxd4 4. Nxd4 Nf6 5. Bd3 a6 6. c4 Qc7 7. Qf3 Bc5 8. Nc2 Nc6 9. 0-0 Bd6 10. g3 h5 11. Bg5 Ng4 12. Rd1 Nce5 13. Qe2 h4 14. Ne3 Nxe3 15. Bxe3 hxg3 16. hxg3 Nxd3 17. Qxd3 Bxg3 18. Nc3 Bf4 19. Bd4 Rh5 20. Na4 b5 21. cxb5 axb5 22. Nc5 Rxc5 23. Bxc5 Qxc5 24. b4 Qg5+ 25. Kf1 Kf8 26. a4 bxa4 27. b5 Bb7 28. b6 Bc6 0-1

[Event "San Francisco TNM Peter Grey op"]
[Site "San Francisco"]
[Date "2010.09.21"]
[Round "8"]
[White "Shakhnazarov, Oleg"]
[Black "Chernobilskiy, Mikhail"]
[Result "0-1"]
[WhiteElo "2175"]
[BlackElo "1845"]
[PlyCount "102"]
[EventDate "2010.08.03"]
[EventType "swiss"]
[EventRounds "9"]
[EventCountry "USA"]
[SourceTitle "EXT 2012"]
[Source "ChessBase"]
[SourceDate "2011.11.24"]
[SourceVersion "1"]
[SourceVersionDate "2011.11.24"]
[SourceQuality "1"]

1. e4 e5 2. Nf3 Nc6 3. Bb5 a6 4. Ba4 Nf6 5. 0-0 Nxe4 6. d4 b5 7. Bb3 d5 8. dxe5 Be6 9. Nc3 Nxc3 10. bxc3 Na5 11. Nd4 c5 12. Nxe6 fxe6 13. a3 c4 14. Ba2 Bc5 15. Qh5+ Kd7 16. a4 g6 17. Qh3 h5 18. Be3 Qe7 19. Bxc5 Qxc5 20. axb5 axb5 21. Qg3 Rag8 22. h4 g5 23. hxg5 h4 24. Qg4 Nc6 25. Rae1 Rg6 26. Kh2 Ne7 27. f4 Nf5 28. Qh3 Rgg8 29. Rf3 Ra8 30. Bb1 Rag8 31. Qg4 Nh6 32. Qh3 Nf5 33. Rff1 Ra8 34. Rf3 Rag8 35. Rd1 Ra8 36. Qg4 Rag8 37. Rd2 Nh6 38. Qh3 Nf5 39. Rf1 Ne3 40. Re1 Nf5 41. Qg4 Ke7 42. Qf3 Ra8 43. Red1 Rad8 44. Rd4 Qb6 45. Qh3 Qc5 46. g6 Kf8 47. Qg4 Kg7 48. Ba2 Qe7 49. Z0 Rh6 50. Bb1 h3 51. g3 b4 0-1

[Event "San Francisco TNM Peter Grey op"]
[Site "San Francisco"]
[Date "2010.08.31"]
[Round "5"]
[White "Krienke, Jason"]
[Black "Chernobilskiy, Mikhail"]
[Result "1-0"]
[WhiteElo "1592"]
[BlackElo "1845"]
[PlyCount "35"]
[EventDate "2010.08.03"]
[EventType "swiss"]
[EventRounds "9"]
[EventCountry "USA"]
[SourceTitle "EXT 2012"]
[Source "ChessBase"]
[SourceDate "2011.11.24"]
[SourceVersion "1"]
[SourceVersionDate "2011.11.24"]
[SourceQuality "1"]

1. e4 c5 2. c3 d5 3. exd5 Qxd5 4. d4 Nc6 5. Nf3 Bg4 6. Be2 0-0-0 7. c4 Qh5 8. h3 Nxd4 9. Nxd4 Rxd4 10. Bxg4+ Qxg4 11. Qxg4+ Rxg4 12. hxg4 e6 13. Nc3 Nf6 14. g5 Ng4 15. Bf4 e5 16. Bg3 f5 17. gxf6 gxf6 18. 0-0-0 1-0

[Event "San Francisco TNM Summer op"]
[Site "San Francisco"]
[Date "2010.06.08"]
[Round "3"]
[White "Chernobilskiy, Mikhail"]
[Black "Olson, David L"]
[Result "1-0"]
[WhiteElo "1858"]
[BlackElo "1400"]
[PlyCount "41"]
[EventDate "2010.05.25"]
[EventType "swiss"]
[EventRounds "8"]
[EventCountry "USA"]
[SourceTitle "EXT 2012"]
[Source "ChessBase"]
[SourceDate "2011.11.24"]
[SourceVersion "1"]
[SourceVersionDate "2011.11.24"]
[SourceQuality "1"]

1. c4 e5 2. Nc3 Nc6 3. d3 Nf6 4. e4 Nd4 5. f4 exf4 6. Bxf4 d6 7. Qd2 Bg4 8. h3 Be6 9. Nge2 Nxe2 10. Bxe2 c5 11. 0-0 Qd7 12. Rad1 Be7 13. d4 Qc7 14. Qe3 cxd4 15. Rxd4 Qc5 16. Rfd1 Rd8 17. e5 Qb6 18. exf6 Bxf6 19. R4d2 Qc7 20. Nd5 0-0 21. Nxc7 1-0

[Event "San Francisco TNM Summer op"]
[Site "San Francisco"]
[Date "2010.05.25"]
[Round "2"]
[White "Grey, Peter G"]
[Black "Chernobilskiy, Mikhail"]
[Result "1-0"]
[WhiteElo "2011"]
[BlackElo "1858"]
[PlyCount "83"]
[EventDate "2010.05.25"]
[EventType "swiss"]
[EventRounds "8"]
[EventCountry "USA"]
[SourceTitle "EXT 2012"]
[Source "ChessBase"]
[SourceDate "2011.11.24"]
[SourceVersion "1"]
[SourceVersionDate "2011.11.24"]
[SourceQuality "1"]

1. e4 e5 2. Nf3 Nc6 3. Bb5 a6 4. Ba4 Nf6 5. 0-0 Nxe4 6. d4 b5 7. Bb3 d5 8. dxe5 Be6 9. Qe2 Be7 10. Rd1 Na5 11. Nbd2 Nxd2 12. Bxd2 Nxb3 13. axb3 c5 14. Rxa6 c4 15. Rxa8 Qxa8 16. Nd4 Qa6 17. Qe1 0-0 18. Ra1 Qb6 19. Be3 Bc5 20. c3 Bxd4 21. Bxd4 Qc6 22. b4 Ra8 23. Ra5 Bc8 24. Qa1 Rxa5 25. bxa5 Qg6 26. Kh1 Qc2 27. h3 Qa4 28. Qxa4 bxa4 29. f4 Kf8 30. g4 Ke7 31. Kg2 g6 32. Kg3 Ke8 33. Kh4 h6 34. Kg3 Kd8 35. Be3 h5 36. gxh5 gxh5 37. Kh4 Bf5 38. a6 Kc7 39. a7 Kb7 40. Kxh5 Bxh3 41. Kg5 Bd7 42. Kf6 1-0

[Event "San Francisco TNM Spring op"]
[Site "San Francisco"]
[Date "2010.04.20"]
[Round "6"]
[White "Sherwood, Peter"]
[Black "Chernobilskiy, Mikhail"]
[Result "1-0"]
[WhiteElo "1697"]
[BlackElo "1858"]
[PlyCount "85"]
[EventDate "2010.03.16"]
[EventType "swiss"]
[EventRounds "8"]
[EventCountry "USA"]
[SourceTitle "EXT 2012"]
[Source "ChessBase"]
[SourceDate "2011.11.24"]
[SourceVersion "1"]
[SourceVersionDate "2011.11.24"]
[SourceQuality "1"]

1. e4 a6 2. Nf3 b5 3. d4 Bb7 4. Bd3 e6 5. 0-0 c5 6. c3 Qc7 7. Nbd2 d6 8. Re1 Nd7 9. Nf1 Be7 10. Bf4 Ngf6 11. Rc1 Nh5 12. Bd2 Nhf6 13. a4 c4 14. Bc2 h6 15. Ng3 g5 16. h3 Nf8 17. e5 Nd5 18. Nh5 Rg8 19. Be4 g4 20. hxg4 Rxg4 21. Bxh6 0-0-0 22. Ng3 Ng6 23. axb5 axb5 24. b3 dxe5 25. Nxe5 Nxe5 26. dxe5 Rh4 27. Bd2 Qxe5 28. bxc4 Bc5 29. Bxd5 Qxg3 30. Bxb7+ Kc7 31. Qf3 Qh2+ 32. Kf1 Rxd2 33. Qc6+ Kd8 34. Qc8+ Ke7 35. Qxc5+ Kf6 36. g3 Rh5 37. Qe3 Ra2 38. Re2 Ra5 39. Rd1 bxc4 40. Qd4+ Kg6 41. Be4+ f5 42. Bf3 Qh3+ 43. Bg2 1-0

[Event "San Francisco TNM Spring op"]
[Site "San Francisco"]
[Date "2010.03.16"]
[Round "1"]
[White "Chernobilskiy, Mikhail"]
[Black "Frank, Robert"]
[Result "1-0"]
[WhiteElo "1858"]
[BlackElo "1212"]
[PlyCount "25"]
[EventDate "2010.03.16"]
[EventType "swiss"]
[EventRounds "8"]
[EventCountry "USA"]
[SourceTitle "EXT 2012"]
[Source "ChessBase"]
[SourceDate "2011.11.24"]
[SourceVersion "1"]
[SourceVersionDate "2011.11.24"]
[SourceQuality "1"]

1. e4 e5 2. f4 exf4 3. Nf3 g5 4. Bc4 Bg7 5. d4 c5 6. 0-0 cxd4 7. Nxg5 Qxg5 8. Bxf4 Qf6 9. Bxb8 Rxb8 10. Rxf6 Bxf6 11. Qh5 d5 12. Bxd5 Be6 13. Bxe6 1-0

[Event "San Francisco TNM Max Wilkerson op"]
[Site "San Francisco"]
[Date "2009.09.22"]
[Round "8"]
[White "Chernobilskiy, Mikhail"]
[Black "Sanguinetti, George A"]
[Result "0-1"]
[WhiteElo "1792"]
[BlackElo "2003"]
[PlyCount "102"]
[EventDate "2009.08.03"]
[EventType "swiss"]
[EventRounds "9"]
[EventCountry "USA"]
[SourceTitle "EXT 2012"]
[Source "ChessBase"]
[SourceDate "2011.11.24"]
[SourceVersion "1"]
[SourceVersionDate "2011.11.24"]
[SourceQuality "1"]

1. e4 e5 2. Nf3 Nc6 3. Bb5 a6 4. Bxc6 dxc6 5. 0-0 Bd6 6. d4 Bg4 7. dxe5 Bxf3 8. Qxf3 Bxe5 9. Nc3 Qh4 10. h3 Nf6 11. Re1 0-0 12. g4 Rfe8 13. Kg2 h5 14. gxh5 Bxc3 15. bxc3 Nxe4 16. Bf4 Nxc3 17. Bxc7 Nd5 18. Be5 Re6 19. Qg3 Qxg3+ 20. Bxg3 Rae8 21. Rxe6 Rxe6 22. c4 Nf6 23. Rb1 b5 24. cxb5 axb5 25. h6 gxh6 26. a3 Nd5 27. Rd1 Kf8 28. Rd3 Ke8 29. Kf3 Kd7 30. Bb8 Kc8 31. Ba7 Kb7 32. Bc5 Rf6+ 33. Ke4 Kc7 34. Rf3 Rxf3 35. Kxf3 Kd7 36. Kg4 Ke6 37. Kh5 Nf4+ 38. Kxh6 Nxh3 39. Kh5 Kf5 40. Kh6 Nf4 41. Bb6 Ne6 42. Kh5 c5 43. Kh6 c4 44. Be3 Ke4 45. Kh7 f5 46. Kg6 f4 47. Bc1 Nc5 48. Kf6 Nd3 49. Bd2 Nxf2 50. Ke6 Nd3 51. Kd6 f3 0-1